[Event "AUTO-ADV-1011"]
[Site "http://www.queenalice.com/game.php?id=503051"]
[Date "2008.12.5"]
[Round "2"]
[White "AlexandreMaximus"]
[Black "allynne_12"]
[Result "1-0"]
[WhiteElo "1870"]
[BlackElo "1617"]

1. e4 e5 2. Nf3 d6 3. Bc4 h6 4. d4 Bg4 5. dxe5 dxe5 6. Qxd8+ Kxd8 7. Nxe5 Bh5 8.
Bxf7 Bxf7 9. Nxf7+ Ke8 10. Nxh8 Bc5 11. Bf4 Na6 12. O-O Rd8 13. Nc3 c6 14. Rad1
g5 15. Rxd8+ Kxd8 16. Be5 b5 17. Ne2 Kc8 18. a3 Kb7 19. b4 Bb6 20. Bd4 Bxd4 21.
Nxd4 Nf6 22. e5 Nd5 23. Nf7 Kc7 24. Nxh6 c5 25. bxc5 Nxc5 26. Nf7 g4 27. e6 a6
28. Re1 Ne7 29. h4 Na4 30. h5 Nb2 31. h6 Nc4 32. h7 Ng6 33. e7 Nxe7 34. h8=Q 1-0

[Event "AUTO-ADV-1011"]
[Site "http://www.queenalice.com/game.php?id=503054"]
[Date "2008.12.5"]
[Round "2"]
[White "AlexandreMaximus"]
[Black "Nunes"]
[Result "0-1"]
[WhiteElo "1868"]
[BlackElo "2002"]

1. e4 c5 2. Nf3 d6 3. Bc4 Nf6 4. d3 Bg4 5. Be3 e6 6. Nbd2 Nc6 7. O-O Be7 8. c3
O-O 9. Qc2 d5 10. exd5 exd5 11. Bb3 Bf5 12. Nh4 Bd7 13. d4 cxd4 14. cxd4 Nb4 15.
Qb1 Bb5 16. Re1 Ng4 17. Nf5 Bf6 18. Bc2 Qc7 19. Nf3 Nxc2 20. Rc1 Bd3 21. Ng3
Ngxe3 22. fxe3 Nxa1 0-1

[Event "AUTO-ADV-1011"]
[Site "http://www.queenalice.com/game.php?id=503055"]
[Date "2008.12.5"]
[Round "2"]
[White "Nunes"]
[Black "AlexandreMaximus"]
[Result "1-0"]
[WhiteElo "2103"]
[BlackElo "1857"]

1. Nf3 Nf6 2. b3 g6 3. Bb2 Bg7 4. e3 d5 5. c4 Bg4 6. cxd5 Qxd5 7. Nc3 Qd7 8. Ne5
Bxd1 9. Nxd7 Nbxd7 10. Rxd1 Nc5 11. d4 Nce4 12. Nxe4 Nxe4 13. Bd3 Nd6 14. Ke2
O-O 15. e4 e6 16. e5 Nf5 17. d5 Ne7 18. dxe6 fxe6 19. Bc4 Nd5 20. Bxd5 exd5 21.
Rxd5 Rad8 22. Rhd1 Rxd5 23. Rxd5 Re8 24. f4 Re7 25. Ke3 Kf7 26. Rd8 a6 27. Ba3
Re6 28. Ke4 Bh6 29. f5 gxf5+ 30. Kxf5 Rc6 31. e6+ 1-0

[Event "AUTO-ADV-1302"]
[Site "http://www.queenalice.com/game.php?id=576413"]
[Date "2009.4.23"]
[Round "1"]
[White "AlexandreMaximus"]
[Black "serrameira"]
[Result "0-1"]
[WhiteElo "1847"]
[BlackElo "1867"]

1. e4 c6 2. Nf3 d5 3. exd5 cxd5 4. d4 Nf6 5. Bd3 Nc6 6. Nc3 e6 7. Bf4 h6 8. Nb5
Qa5+ 9. c3 Nh5 10. Bd6 Bxd6 11. Nxd6+ Ke7 12. Nxc8+ Raxc8 13. Ne5 Nxe5 14. dxe5
Nf4 15. O-O Nxd3 16. Qxd3 Rc4 17. b4 Qc7 18. Rac1 g6 19. Rfe1 Rc8 20. Re3 d4 21.
Re4 Rxc3 22. Rxc3 Qxc3 23. Rxd4 Qxd3 0-1

[Event "AUTO-ADV-1302"]
[Site "http://www.queenalice.com/game.php?id=576414"]
[Date "2009.4.23"]
[Round "1"]
[White "serrameira"]
[Black "AlexandreMaximus"]
[Result "0-1"]
[WhiteElo "1828"]
[BlackElo "1842"]

1. e4 e6 2. d4 d5 3. Nc3 Bb4 4. Bd2 Bxc3 5. Bxc3 dxe4 6. Bc4 Nf6 7. Ne2 Bd7 8.
O-O Nc6 9. Re1 Ne7 10. Ng3 Bc6 11. Re2 Nf5 12. Nxf5 exf5 13. f3 O-O 14. d5 Nxd5
15. Bxd5 Qxd5 16. Rd2 Qc5+ 17. Bd4 Qe7 18. fxe4 Bxe4 19. c3 b6 20. Re2 Rad8 21.
Qa4 a5 22. a3 Qg5 23. Qb5 Qg6 24. Rf2 Rfe8 25. Re1 Bc6 26. Rxe8+ Rxe8 27. Qf1
Be4 28. b3 Qh6 29. Be3 Qxe3 30. Qc4 Bd3 31. Qf4 Qe1+ 0-1

[Event "AUTO-ADV-1302"]
[Site "http://www.queenalice.com/game.php?id=576415"]
[Date "2009.4.23"]
[Round "1"]
[White "AlexandreMaximus"]
[Black "Mars"]
[Result "1-0"]
[WhiteElo "1871"]
[BlackElo "1628"]

1. e4 e5 2. Nf3 d6 3. d4 f6 4. Bc4 Ne7 5. dxe5 fxe5 6. Ng5 Qd7 7. Be6 Qc6 8.
Bxc8 Nxc8 9. Qd5 Qxd5 10. exd5 Ne7 11. Nc3 a6 12. Ne6 Kd7 13. Nxf8+ Rxf8 14. Bg5
Nf5 15. g4 Nd4 16. O-O-O Rxf2 17. Bd2 Kc8 18. Rdf1 Rxf1+ 19. Rxf1 Nd7 20. Rf7 b6
21. Rxg7 b5 22. Be3 Nf3 23. Rxh7 1-0

[Event "AUTO-ADV-1302"]
[Site "http://www.queenalice.com/game.php?id=576416"]
[Date "2009.4.23"]
[Round "1"]
[White "Mars"]
[Black "AlexandreMaximus"]
[Result "0-1"]
[WhiteElo "1685"]
[BlackElo "1832"]

1. d4 d5 2. g3 Nf6 3. Bg2 Nc6 4. e3 Bf5 5. Nc3 e6 6. Qd2 Ne4 7. Nxe4 Bxe4 8.
Bxe4 dxe4 9. Nh3 Bd6 10. a3 a5 11. O-O O-O 12. c4 Be7 13. Rd1 Qd7 14. Nf4 Bg5
15. Ne2 b6 16. Qc2 f5 17. d5 exd5 18. Rxd5 Qf7 19. Bd2 Rad8 20. Rxd8 Rxd8 21.
Rd1 Ne5 22. c5 Nf3+ 23. Kg2 bxc5 24. Bxa5 Rxd1 25. Qxd1 Bf6 26. b4 cxb4 27. Bxb4
Qh5 28. h3 h6 29. Nf4 Nh4+ 30. Kh2 Qxd1 31. Ne6 Be5 32. Be7 Qf1 33. Nf4 Bxf4 0-1

[Event "AUTO-ADV-1302"]
[Site "http://www.queenalice.com/game.php?id=576417"]
[Date "2009.4.23"]
[Round "1"]
[White "AlexandreMaximus"]
[Black "Parma"]
[Result "0-1"]
[WhiteElo "1877"]
[BlackElo "1942"]

1. e4 c5 2. Nf3 e6 3. d4 cxd4 4. Nxd4 Nf6 5. Bg5 Qa5+ 6. Bd2 Qe5 7. Bc3 Qxe4+ 8.
Qe2 Bc5 9. Qxe4 Nxe4 10. Nb5 Bxf2+ 11. Ke2 Nxc3+ 12. N1xc3 Bb6 13. Nd6+ Ke7 14.
Nxc8+ Rxc8 15. g3 d5 16. Bg2 Ba5 17. Kd3 Nc6 18. a3 Ne5+ 19. Kd4 Bxc3+ 20. bxc3
f6 21. Rab1 b6 22. Rb3 Rc4+ 23. Ke3 Rac8 24. Bf1 Rxc3+ 25. Rxc3 Rxc3+ 26. Kd2
Rxa3 27. Be2 f5 28. Rb1 Kd6 29. Rb4 g5 30. Rb3 Rxb3 31. cxb3 Kc5 32. h3 Kb4 33.
Kc2 Nc6 34. Bh5 e5 35. Be8 Nd4+ 36. Kb2 Nxb3 0-1

[Event "AUTO-ADV-1302"]
[Site "http://www.queenalice.com/game.php?id=576418"]
[Date "2009.4.23"]
[Round "1"]
[White "Parma"]
[Black "AlexandreMaximus"]
[Result "1-0"]
[WhiteElo "1953"]
[BlackElo "1884"]

1. d4 Nf6 2. c4 c5 3. Nf3 e6 4. e3 Be7 5. dxc5 Bxc5 6. a3 a5 7. Bd2 Ne4 8. Bd3
Nxd2 9. Qxd2 Nc6 10. O-O b6 11. Nc3 Bb7 12. Be4 f5 13. Bxc6 Bxc6 14. Qe2 g5 15.
Ne5 Bb7 16. Qh5+ 1-0

[Event "Challenge"]
[Site "http://www.queenalice.com/game.php?id=585127"]
[Date "2009.5.8"]
[Round "-"]
[White "Gorgona"]
[Black "AlexandreMaximus"]
[Result "1-0"]
[WhiteElo "1831"]
[BlackElo "1857"]

1. e4 e6 2. d4 d5 3. e5 c5 4. c3 Qb6 5. Nf3 Nc6 6. a3 c4 7. Nbd2 Nge7 8. Bxc4
dxc4 9. Nxc4 Qc7 10. Nd6+ Kd7 11. Nxf7 Rg8 12. Qd3 Nf5 13. g4 Ke8 14. N7g5 g6
15. gxf5 exf5 16. Qc4 Qg7 17. Ne6 Bxe6 18. Qxe6+ Be7 19. Bg5 Rf8 20. Bxe7 Nxe7
21. O-O-O a5 22. Qb6 Nd5 23. Qb5+ Qd7 24. Qxd7+ Kxd7 25. c4 Nf4 26. Ng5 h6 27.
Nh7 Rf7 28. Nf6+ Ke7 29. Nd5+ Nxd5 30. cxd5 Rc8+ 31. Kb1 g5 32. Rhe1 Ke8 33. e6
Rf6 34. d6 Rc6 35. d7+ Ke7 36. d5 Rd6 37. Rd2 f4 38. Rc1 Rf5 39. Rc8 Rfxd5 40.
Rxd5 Rxd5 41. Re8+ 1-0

[Event "Challenge"]
[Site "http://www.queenalice.com/game.php?id=585128"]
[Date "2009.5.8"]
[Round "-"]
[White "AlexandreMaximus"]
[Black "Gorgona"]
[Result "0-1"]
[WhiteElo "1864"]
[BlackElo "1829"]

1. e4 c5 2. Nf3 e6 3. d4 d5 4. exd5 Qxd5 5. b3 cxd4 6. Qxd4 Nf6 7. Qxd5 Nxd5 8.
Bb5+ Bd7 9. Bxd7+ Nxd7 10. Bb2 Nb4 11. Na3 f6 12. O-O Rc8 13. c3 Nd3 14. Nc4 b5
0-1

[Event "AUTO-OPEN-1351"]
[Site "http://www.queenalice.com/game.php?id=603664"]
[Date "2009.6.15"]
[Round "2"]
[White "gfreire"]
[Black "AlexandreMaximus"]
[Result "1-0"]
[WhiteElo "1914"]
[BlackElo "1758"]

1. e4 e6 2. d4 d5 3. Nc3 Bb4 4. e5 Ne7 5. Bd2 Nf5 6. Nce2 Nc6 7. c3 Be7 8. Nf3
Bd7 9. Nf4 Na5 10. b4 Nc4 11. Bxc4 dxc4 12. Bc1 f6 13. O-O O-O 14. Bb2 g5 15.
Nh5 Be8 16. Ng3 Nxg3 17. fxg3 b5 18. g4 h5 19. gxh5 Bxh5 20. Qe1 Qd5 21. Qe3 Rf7
22. exf6 Bxf6 23. Rae1 Re8 24. Qf2 g4 25. Qg3 Qd6 26. Ne5 Bxe5 27. Rxe5 Rxf1+
28. Kxf1 Rf8+ 29. Kg1 Rf5 30. Qe3 Bf7 31. a3 Qb6 32. Rxf5 exf5 33. Bc1 Kf8 34.
Qh6+ Qxh6 35. Bxh6+ Ke7 36. Kf2 1-0

[Event "AUTO-OPEN-1351"]
[Site "http://www.queenalice.com/game.php?id=603665"]
[Date "2009.6.15"]
[Round "2"]
[White "AlexandreMaximus"]
[Black "gfreire"]
[Result "0-1"]
[WhiteElo "1769"]
[BlackElo "1903"]

1. e4 e5 2. Nf3 Nc6 3. Bc4 Nf6 4. d4 Nxe4 5. dxe5 Bc5 6. Bxf7+ Kxf7 7. Qd5+ Kf8
8. Qxe4 h6 9. Qf4+ Kg8 10. Qc4+ Kf8 11. Qxc5+ d6 12. Qa3 Kf7 13. Nc3 Re8 14. O-O
Nxe5 15. Nxe5+ Rxe5 16. Bf4 Rf5 17. Bg3 Be6 18. Ne4 Kg8 19. Qe3 Qd7 20. b3 Raf8
21. Rae1 b6 22. Nd2 Re8 23. Nf3 Bf7 24. Qd4 Rd5 25. Rxe8+ Qxe8 26. Qe3 Qxe3 27.
fxe3 Bg6 28. Bh4 Bxc2 29. Rc1 Rd1+ 30. Rxd1 Bxd1 31. Bd8 Bxf3 32. gxf3 c6 33. a4
b5 34. axb5 cxb5 35. e4 Kf7 0-1